The discourse of civic pluralism in managing religious diversity in Indonesia : the study at the Center for Religious and Cross-Cultural Studies, Universitas Gadjah Mada, Yogyakarta
Saved in:
| Main Author: | |
|---|---|
| Format: | Book |
| Tags: |
Add Tag
No Tags, Be the first to tag this record!
|
| LEADER | 00790nam a2200121 4500 | ||
|---|---|---|---|
| 040 | |6 LCC | ||
| 100 | |9 36935 |a Armoyanto, Harda | ||
| 245 | |a The discourse of civic pluralism in managing religious diversity in Indonesia : the study at the Center for Religious and Cross-Cultural Studies, Universitas Gadjah Mada, Yogyakarta | ||
| 264 | |a Kuala Lumpur |b AbdulHamid Abu Sulayman Kulliyyah of Islamic Revealed Knowledge and Human Sciences, International Islamic University Malaysia |c 2022 | ||
| 942 | |2 lcc | ||
| 999 | |c 514388 |d 545805 | ||
| 952 | |0 0 |1 0 |2 lcc |4 0 |7 5 |8 IIUMTHESIS |9 1013044 |a IIUM |b IIUM |c THESIS |d 2023-03-24 |e MGIFT |g 0.00 |p 11100383987 |r 2023-03-24 |w 2023-03-24 |y THESIS | ||
| 952 | |0 0 |1 0 |2 lcc |4 0 |7 5 |8 IIUMTHESIS |9 1013046 |a IIUM |b IIUM |c MULTIMEDIA |d 2023-03-24 |e MGIFT |g 0.00 |p 11100383988 |r 2023-03-24 |w 2023-03-24 |y THESISDIG | ||
